Cyclisme : coureurs des années 1950 (par image) - Statistiques

Statistiques générales
  • Ce quiz a été pris 29 fois
  • Le résultat moyen est 9 sur 16
Statistiques - réponses
Par images Réponse % Correct
Fausto Coppi
96%
Jacques Anquetil
96%
Louison Bobet
91%
Federico Bahamontes
87%
Ferdi Kübler
74%
Hugo Koblet
74%
Charly Gaul
70%
Raphaël Geminiani
70%
André Darrigade
65%
Fiorenzo Magni
39%
Rik Van Steenbergen
39%
Stan Ockers
30%
Ercole Baldini
9%
Fred De Bruyne
9%
Jean Forestier
9%
Raymond Impanis
0%
Aucun quiz correspondant
Distribution des résultats
% des personnes avec chaque résultat
Percentile par nombre de réponses
Votre historique - résultats
Vous n’avez pas pris ce quiz